[Event "XX Festival A"]
[Site "Arco ITA"]
[Date "1998.10.??"]
[Round "5"]
[White "Lovati, Paolo"]
[Black "Ricci, Marco"]
[Result "1-0"]
[WhiteElo "2050"]
[BlackElo "2190"]
[PlyCount "109"]
[EventDate "1998.10.24"]

1. g3 Nf6 2. Bg2 d5 3. b3 g6 4. Bb2 Bg7 5. c4 c6 6. Nf3 O-O 7. O-O Bf5 8. Nh4
Bg4 9. d3 Qd7 10. Qe1 Bh3 11. Nc3 Bxg2 12. Kxg2 d4 13. Nb1 c5 14. Na3 e5 15.
Rd1 Nc6 16. e4 dxe3 17. fxe3 Rad8 18. Qe2 Rfe8 19. Nc2 Qe7 20. a3 Rd7 21. Bc3
Red8 22. b4 b6 23. b5 Nb8 24. e4 Rd6 25. Ne3 Nbd7 26. Nf3 Bh6 27. Nd5 Nxd5 28.
cxd5 Bg7 29. Bd2 h6 30. h4 Nf6 31. Nh2 Ne8 32. h5 Kh7 33. Qf3 Rf6 34. Qe2 Nd6
35. Rxf6 Bxf6 36. hxg6+ fxg6 37. Ng4 Bg5 38. Rh1 h5 39. Bxg5 Qxg5 40. Ne3 Nxb5
41. a4 Nd4 42. Qf2 Kg7 43. Rf1 Qe7 44. Nc4 Rb8 45. d6 Qe6 46. Qe3 Nc6 47. Qg5
Rf8 48. Rxf8 Kxf8 49. d7 Qxd7 50. Qf6+ Kg8 51. Qxg6+ Kf8 52. Nd6 Nd8 53. Qh6+
Qg7 54. Qxh5 Ne6 55. Qe8# 1-0

[Event "XX Festival A"]
[Site "Arco ITA"]
[Date "1998.10.??"]
[Round "5"]
[White "Minerva, Enzo"]
[Black "Ruzzier, Dario"]
[Result "0-1"]
[WhiteElo "2135"]
[BlackElo "2090"]
[PlyCount "138"]
[EventDate "1998.10.24"]

1. e4 e5 2. Nf3 Nc6 3. Bb5 Bc5 4. O-O Nd4 5. Nxd4 Bxd4 6. c3 Bb6 7. d4 c6 8.
Bc4 d6 9. dxe5 dxe5 10. Qb3 Qe7 11. Kh1 Nf6 12. Bg5 h6 13. Bxf6 Qxf6 14. f4
exf4 15. e5 Qf5 16. Nd2 Be6 17. Rae1 O-O 18. g3 Bxc4 19. Qxc4 Rad8 20. Rxf4 Qc2
21. Ne4 Be3 22. Rf3 Rd4 23. Qe2 Qxe2 24. Rxe2 Rxe4 25. Rfxe3 Rxe3 26. Rxe3 Rd8
27. Re2 Kf8 28. Kg2 Rd3 29. Kf2 Ke7 30. c4 Ke6 31. b3 b5 32. cxb5 cxb5 33. Rc2
a5 34. Rc5 Rd5 35. Rc8 Kxe5 36. Rc2 Ke4 37. Ke2 Rh5 38. h4 Rf5 39. Rc3 g5 40.
hxg5 hxg5 41. a4 Rd5 42. axb5 Rxb5 43. Rc4+ Ke5 44. Rc3 f5 45. Ke3 Kd5 46. Rd3+
Kc5 47. Kd2 Kb4 48. Kc2 Re5 49. Rd4+ Kc5 50. Rd3 f4 51. gxf4 gxf4 52. Rf3 Rf5
53. Kc3 Kd5 54. Kd3 Ke5 55. Ke2 Ke4 56. Rc3 f3+ 57. Kf2 Kd4 58. Re3 Rf4 59. Re7
Kc3 60. Rb7 Rb4 61. Ra7 Rb5 62. Kxf3 Kxb3 63. Ke2 Rd5 64. Rf7 a4 65. Rf3+ Kb2
66. Rf8 Rb5 67. Kd1 a3 68. Rf2+ Kb1 69. Kd2 Rb2+ 0-1

[Event "XX Festival A"]
[Site "Arco ITA"]
[Date "1998.10.??"]
[Round "5"]
[White "Naumkin, Igor"]
[Black "Lanzani, Mario"]
[Result "1-0"]
[WhiteElo "2475"]
[BlackElo "2395"]
[PlyCount "130"]
[EventDate "1998.10.24"]

1. d4 Nf6 2. c4 g6 3. Nc3 Bg7 4. e4 d6 5. Nf3 O-O 6. Be2 Na6 7. O-O e5 8. Re1
exd4 9. Nxd4 Nc5 10. f3 c6 11. Be3 a5 12. Bf1 Re8 13. Qd2 Nfd7 14. b3 Ne5 15.
Rad1 Qc7 16. h3 Ned7 17. Bf2 Nf6 18. g4 h5 19. g5 Nh7 20. Nde2 Bf8 21. h4 Be6
22. Qf4 Qe7 23. Rd2 Rad8 24. Red1 Bc8 25. Bg3 Qc7 26. Qe3 b6 27. Qf2 Nd7 28.
Bxd6 Bxd6 29. Rxd6 Ne5 30. Rxd8 Rxd8 31. Rxd8+ Qxd8 32. f4 Nd3 33. Qe3 Qd7 34.
Kh2 Nf8 35. Bh3 Ne6 36. Bxe6 fxe6 37. Qd4 e5 38. Qxd7 Bxd7 39. Kg3 Kf7 40. fxe5
Nxe5 41. Kf4 Nd3+ 42. Ke3 Ne5 43. Nd4 Bg4 44. Na4 c5 45. Nc2 Bd1 46. Na3 Bg4
47. Nb1 Nd7 48. Nbc3 Ne5 49. Nb1 Nd7 50. Kf4 Ke6 51. Nbc3 Ne5 52. Nxb6 Nf3 53.
Kg3 Ke5 54. Nbd5 Nd2 55. Ne7 Kd4 56. Nb5+ Kxe4 57. Nxg6 Ke3 58. Nd6 Bf3 59.
Nf5+ Ke4 60. Nge7 Bg4 61. Nh6 Be6 62. Nc6 a4 63. bxa4 Nxc4 64. g6 Nd6 65. g7 c4
1-0

[Event "XX Festival A"]
[Site "Arco ITA"]
[Date "1998.10.??"]
[Round "5"]
[White "Niedermayr, Horst"]
[Black "Kloster, Josef"]
[Result "1-0"]
[WhiteElo "2225"]
[BlackElo "2165"]
[PlyCount "45"]
[EventDate "1998.10.24"]

1. e4 d5 2. exd5 Qxd5 3. Nc3 Qa5 4. d4 Nf6 5. Nf3 c6 6. Bc4 Bg4 7. h3 Qh5 8.
Be2 Nbd7 9. O-O O-O-O 10. hxg4 Nxg4 11. Bf4 e5 12. Nxe5 Ndxe5 13. Bxe5 f5 14.
Bxg4 fxg4 15. Qd3 Bd6 16. Qg3 Bxe5 17. dxe5 Rhe8 18. Rad1 Re6 19. Rxd8+ Kxd8
20. Rd1+ Ke7 21. Qd3 Rh6 22. Qd8+ Kf7 23. Rd7+ 1-0

[Event "XX Festival A"]
[Site "Arco ITA"]
[Date "1998.10.??"]
[Round "5"]
[White "Ptaschinski, Dirk"]
[Black "Blum, Gernot"]
[Result "1/2-1/2"]
[WhiteElo "2205"]
[BlackElo "2135"]
[PlyCount "118"]
[EventDate "1998.10.24"]

1. d4 d6 2. Nf3 e5 3. dxe5 Bg4 4. Bf4 Nc6 5. exd6 Qf6 6. d7+ Bxd7 7. Qc1 Bb4+
8. c3 Ba5 9. e3 Nge7 10. Be2 Ng6 11. Bg3 Bb6 12. Nbd2 h5 13. h3 O-O-O 14. O-O
h4 15. Bh2 Nge5 16. Nxe5 Nxe5 17. Bxe5 Qxe5 18. Nc4 Qe7 19. Nxb6+ cxb6 20. Bf3
g5 21. e4 g4 22. Bxg4 Bxg4 23. hxg4 h3 24. Qf4 hxg2 25. Kxg2 Rd3 26. Rh1 Rhd8
27. Rh7 R3d7 28. a4 Re8 29. Re1 a6 30. Rh6 Qc5 31. Rf6 Qc4 32. Rxb6 Qxa4 33.
Rf6 Qb3 34. Rf5 b6 35. c4 Rh8 36. Rh5 Qxb2 37. Rxh8+ Qxh8 38. e5 Qd8 39. Qe4
Kc7 40. Qf4 Kb7 41. Rh1 a5 42. Rh7 Qc7 43. Rh6 Ka7 44. Qe3 Qb7+ 45. f3 Rc7 46.
Qd4 Ka6 47. c5 Rc6 48. Rxc6 Qxc6 49. cxb6 Qxb6 50. Qxb6+ Kxb6 51. e6 fxe6 52.
g5 a4 53. g6 a3 54. g7 a2 55. g8=Q a1=Q 56. Qxe6+ Kc7 57. Kg3 Qg1+ 58. Kf4 Qh2+
59. Ke4 Qe2+ 1/2-1/2

[Event "XX Festival A"]
[Site "Arco ITA"]
[Date "1998.10.??"]
[Round "5"]
[White "Rahls, Peter"]
[Black "Rossi, Carlo"]
[Result "0-1"]
[WhiteElo "2205"]
[BlackElo "2355"]
[PlyCount "60"]
[EventDate "1998.10.24"]

1. e4 Nc6 2. Nc3 Nf6 3. g3 e6 4. d4 d5 5. e5 Nd7 6. f4 Ne7 7. Nf3 c5 8. Nb5 Nf5
9. g4 Nxd4 10. Nbxd4 cxd4 11. Qxd4 Bc5 12. Qd2 f6 13. Bd3 fxe5 14. fxe5 O-O 15.
Qg2 Rxf3 16. Qxf3 Nxe5 17. Qg3 Nxd3+ 18. cxd3 Qb6 19. Bd2 Qxb2 20. Ke2 e5 21.
h3 Bb4 22. Qe1 e4 23. Rb1 exd3+ 24. Kxd3 Qa3+ 25. Bc3 Qa6+ 26. Kc2 Qxa2+ 27.
Kc1 Ba3+ 28. Rb2 Bf5 29. gxf5 Bxb2+ 30. Bxb2 Rc8+ 0-1

[Event "XX Festival A"]
[Site "Arco ITA"]
[Date "1998.10.??"]
[Round "5"]
[White "Schumacher, Helmut"]
[Black "Carli, Carlo"]
[Result "1-0"]
[WhiteElo "2185"]
[BlackElo "1976"]
[PlyCount "45"]
[EventDate "1998.10.24"]

1. d4 Nf6 2. Nc3 g6 3. e4 d6 4. Nge2 Bg7 5. g3 O-O 6. Bg2 e5 7. h3 Nbd7 8. O-O
Re8 9. Re1 a6 10. a4 Rb8 11. a5 h6 12. Be3 exd4 13. Bxd4 c5 14. Be3 Ne5 15. b3
Be6 16. Qc1 Qd7 17. f4 Nc6 18. f5 gxf5 19. Bxh6 Nh7 20. Bxg7 Kxg7 21. Nf4 Kg8
22. Nh5 Kh8 23. Qh6 1-0

[Event "XX Festival A"]
[Site "Arco ITA"]
[Date "1998.10.??"]
[Round "5"]
[White "Schweiger, Georg"]
[Black "Prelati, Maurizio"]
[Result "0-1"]
[WhiteElo "2220"]
[BlackElo "2140"]
[PlyCount "42"]
[EventDate "1998.10.24"]

1. e4 c5 2. Nf3 d6 3. Bb5+ Nd7 4. d4 Ngf6 5. e5 Qa5+ 6. Nc3 Ne4 7. Bd2 Nxc3 8.
Bxd7+ Bxd7 9. Bxc3 Qa6 10. Ng5 dxe5 11. dxc5 f6 12. Nf7 Rg8 13. Qd5 Be6 14.
Nd6+ Qxd6 15. Qxb7 Qd5 16. c6 Rc8 17. O-O Qxc6 18. Qxa7 h5 19. f4 exf4 20. Rae1
Bd5 21. Bb4 e5 0-1

[Event "XX Festival A"]
[Site "Arco ITA"]
[Date "1998.10.??"]
[Round "5"]
[White "Siegmund, Rainer"]
[Black "Pipitone, Antonio"]
[Result "1/2-1/2"]
[WhiteElo "2130"]
[BlackElo "2035"]
[PlyCount "77"]
[EventDate "1998.10.24"]

1. d4 Nf6 2. c4 c5 3. d5 e6 4. Nc3 exd5 5. cxd5 d6 6. e4 g6 7. f4 Bg7 8. Nf3
O-O 9. Be2 Re8 10. e5 dxe5 11. fxe5 Ng4 12. Bg5 f6 13. exf6 Bxf6 14. Qd2 Bxg5
15. Qxg5 Qxg5 16. Nxg5 Ne3 17. Kf2 Bd7 18. Nge4 Nc2 19. Nf6+ Kf7 20. Nxe8 Bxe8
21. Rac1 Nd4 22. Ne4 b6 23. Rhe1 Nd7 24. Ng5+ Kg7 25. Ne6+ Nxe6 26. dxe6 Ne5
27. Rcd1 Kf6 28. e7 Bc6 29. Rd8 Kxe7 30. Rxa8 Bxa8 31. Bf3 Bxf3 32. Rxe5+ Kd6
33. Re3 Bd5 34. a3 b5 35. g3 a5 36. h4 Be6 37. Ke1 Kd5 38. Kd2 Bf5 39. Re1
1/2-1/2

[Event "XX Festival A"]
[Site "Arco ITA"]
[Date "1998.10.??"]
[Round "5"]
[White "Slobodjan, Roman"]
[Black "Timoscenko, Gennadij A."]
[Result "1-0"]
[WhiteElo "2575"]
[BlackElo "2470"]
[PlyCount "85"]
[EventDate "1998.10.24"]

1. e4 c5 2. Nf3 e6 3. g3 d5 4. exd5 exd5 5. d4 Nc6 6. Bg2 Bg4 7. c3 cxd4 8. O-O
dxc3 9. Nxc3 Nf6 10. Bg5 Be7 11. Qb3 Na5 12. Qb5+ Bd7 13. Qd3 O-O 14. Rad1 Bc6
15. b3 h6 16. Bxf6 Bxf6 17. Nxd5 Bxd5 18. Qxd5 Nc6 19. Qf5 Qb6 20. Nd2 Rad8 21.
Be4 Rfe8 22. Nc4 Rxd1 23. Rxd1 Qb4 24. Qh7+ Kf8 25. Bxc6 bxc6 26. Rd7 Qe1+ 27.
Kg2 Qe4+ 28. Qxe4 Rxe4 29. Rxf7+ Kxf7 30. Nd6+ Ke6 31. Nxe4 Bd4 32. f4 Kd5 33.
Kf3 Bb6 34. g4 Kd4 35. h4 Kd3 36. g5 hxg5 37. hxg5 Bd8 38. Nc5+ Kc3 39. Ne6 Be7
40. Nxg7 Kb2 41. Ne8 Kxa2 42. g6 Bf8 43. f5 1-0

[Event "XX Festival A"]
[Site "Arco ITA"]
[Date "1998.10.??"]
[Round "5"]
[White "Wagman, Stuart"]
[Black "Frank, Albert"]
[Result "1/2-1/2"]
[WhiteElo "2170"]
[BlackElo "2020"]
[PlyCount "34"]
[EventDate "1998.10.24"]

1. e4 b6 2. d4 e6 3. Nf3 Bb7 4. Bd3 d6 5. O-O Nd7 6. c4 g6 7. Nc3 Bg7 8. Re1
Ne7 9. Rb1 h6 10. b4 a5 11. bxa5 Rxa5 12. a4 O-O 13. Nb5 Qc8 14. Bd2 Ra8 15.
Qc1 Rxa4 16. Bxh6 e5 17. d5 Nc5 1/2-1/2

[Event "XX Festival A"]
[Site "Arco ITA"]
[Date "1998.10.??"]
[Round "5"]
[White "Zinani, Alessandro"]
[Black "Ricci, Alfredo"]
[Result "1/2-1/2"]
[WhiteElo "2145"]
[BlackElo "1962"]
[PlyCount "139"]
[EventDate "1998.10.24"]

1. d4 Nf6 2. Nf3 c5 3. c3 e6 4. g3 b6 5. Bg2 Bb7 6. O-O Be7 7. Nbd2 O-O 8. Re1
Ne4 9. Nxe4 Bxe4 10. Bf4 d5 11. Rc1 Nc6 12. Qa4 Qe8 13. Nd2 Bxg2 14. Kxg2 g5
15. Be3 f5 16. f4 h6 17. Nf3 g4 18. Nd2 Na5 19. Qd1 Nb7 20. Rh1 Kg7 21. h3 h5
22. Qc2 Qc6 23. Kf2 Rac8 24. Qb1 Rh8 25. hxg4 hxg4 26. Rxh8 Rxh8 27. Rh1 Rxh1
28. Qxh1 Bf6 29. Qd1 Nd6 30. Qb3 c4 31. Qd1 b5 32. a3 a5 33. Qa1 Qe8 34. Kg1
Qb8 35. Kg2 Qb6 36. Bf2 b4 37. axb4 axb4 38. Qa4 bxc3 39. bxc3 Qb7 40. Be1 Be7
41. Qa1 Qb8 42. Kg1 Kf6 43. Kg2 Kf7 44. Bf2 Ne4 45. Nxe4 fxe4 46. Qh1 Kg6 47.
Be3 Qf8 48. Bd2 Bf6 49. Bc1 Be7 50. Bd2 Qf7 51. Qh8 Qh7 52. Qxh7+ Kxh7 53. Kf2
Kg6 54. Ke3 Ba3 55. Kf2 Bb2 56. e3 Kf6 57. Ke2 Ke7 58. Kd1 Kd7 59. Kc2 Ba3 60.
Be1 Kc6 61. Kb1 Kb5 62. Bd2 Be7 63. Kb2 Ka4 64. Be1 Ba3+ 65. Kc2 Bd6 66. Kb2
Be7 67. Bd2 Bf8 68. Be1 Ba3+ 69. Kc2 Kb5 70. Bd2 1/2-1/2

[Event "XX Festival A"]
[Site "Arco ITA"]
[Date "1998.10.??"]
[Round "6"]
[White "Blum, Gernot"]
[Black "Ruzzier, Dario"]
[Result "1-0"]
[WhiteElo "2135"]
[BlackElo "2090"]
[PlyCount "55"]
[EventDate "1998.10.24"]

1. c4 e6 2. e4 d5 3. exd5 exd5 4. d4 Nf6 5. Nc3 Be7 6. Bg5 dxc4 7. Bxc4 O-O 8.
Nf3 Nbd7 9. O-O Nb6 10. Bb3 c6 11. Ne5 Nbd5 12. Re1 Be6 13. Qf3 Qa5 14. Bc2 Bb4
15. Bxf6 Nxf6 16. Re3 Rad8 17. a3 Be7 18. Rd1 Rfe8 19. g4 Nd5 20. Bxh7+ Kxh7
21. Qe4+ Kg8 22. Rh3 Nf6 23. Ng6 Nh7 24. Rxh7 fxg6 25. Qxg6 Bf6 26. Ne4 Be5 27.
Ng5 Bf6 28. Rh8+ 1-0

[Event "XX Festival A"]
[Site "Arco ITA"]
[Date "1998.10.??"]
[Round "6"]
[White "Casagrande, Fabio"]
[Black "Di Lazzaro, Gabriele"]
[Result "0-1"]
[WhiteElo "2050"]
[BlackElo "2005"]
[PlyCount "124"]
[EventDate "1998.10.24"]

1. e4 g6 2. d4 Bg7 3. Nc3 c6 4. f4 d5 5. e5 h5 6. Bd3 Nh6 7. Nf3 Bg4 8. h3 Bxf3
9. Qxf3 e6 10. Be3 h4 11. O-O-O Nd7 12. Bf2 Bf8 13. g4 hxg3 14. Bxg3 Be7 15. h4
Nf5 16. Bxf5 gxf5 17. h5 Qa5 18. Kb1 O-O-O 19. Bh4 Bxh4 20. Rxh4 Rdg8 21. Qf2
Qd8 22. Rh3 Rg4 23. Rdh1 Rh6 24. Nd1 Qh8 25. Ne3 Rg7 26. a3 Rgh7 27. Qf3 Rg7
28. c4 Nb6 29. cxd5 cxd5 30. Qf2 Kb8 31. Qh4 Nc8 32. Qf2 Rgh7 33. Qe2 Ne7 34.
Qf3 Nc6 35. Nc2 Na5 36. Ne3 Nb3 37. Qd1 Na5 38. Qa4 Nc6 39. Qd1 Qd8 40. Rg3 a6
41. Rhg1 Qb6 42. Nc2 Rxh5 43. Rg8+ Ka7 44. Re8 Qb3 45. Qd2 Rh3 46. Na1 Qd3+ 47.
Qc2 Nxd4 48. Qxd3 Rxd3 49. a4 a5 50. Rc1 Nc6 51. Nc2 Rdh3 52. Na3 Rh8 53. Nb5+
Kb6 54. Rxh8 Rxh8 55. Nd6 Rh4 56. Rf1 Nd8 57. Kc2 Kc6 58. Rf3 f6 59. Rc3+ Kd7
60. Nb5 fxe5 61. Rc7+ Ke8 62. fxe5 Rc4+ 0-1

[Event "XX Festival A"]
[Site "Arco ITA"]
[Date "1998.10.??"]
[Round "6"]
[White "Cucinella, Vincenzo"]
[Black "Schweiger, Georg"]
[Result "1/2-1/2"]
[WhiteElo "2175"]
[BlackElo "2220"]
[PlyCount "108"]
[EventDate "1998.10.24"]

1. Nf3 f5 2. d4 Nf6 3. Bg5 e6 4. g3 Be7 5. Bg2 O-O 6. O-O d5 7. c4 c6 8. Nc3
Nbd7 9. Qc2 Ne4 10. Bxe7 Qxe7 11. Nd2 Qg5 12. e3 Ndf6 13. Nf3 Qh6 14. Nxe4 fxe4
15. Ne5 Nd7 16. Nxd7 Bxd7 17. Qe2 Be8 18. f4 Bd7 19. c5 Rf5 20. h4 Raf8 21. b4
a6 22. Qf2 g5 23. g4 R5f7 24. hxg5 Qg7 25. Qg3 h6 26. gxh6 Qxh6 27. g5 Rg7 28.
Kf2 Rxg5 29. Rh1 Qg7 30. Qh2 Rg4 31. Rad1 Rg6 32. Bh3 Rff6 33. Rhg1 Kf7 34.
Rxg6 Rxg6 35. Rg1 Kf6 36. Rxg6+ Qxg6 37. Qg3 Qh5 38. Qg4 Qh6 39. Kg3 Qg6 40.
Qxg6+ Kxg6 41. Bg4 Kf6 42. Bh5 Kf5 43. Kf2 Kf6 44. Ke1 Ke7 45. Kd2 Kd8 46. Kc3
Kc7 47. Be2 Kb8 48. Kb3 Kc7 49. Ka4 Kc8 50. Ka5 Kc7 51. a4 Be8 52. b5 axb5 53.
axb5 cxb5 54. Bxb5 Bh5 1/2-1/2

[Event "XX Festival A"]
[Site "Arco ITA"]
[Date "1998.10.??"]
[Round "6"]
[White "Godena, Michele"]
[Black "Cacho Reigadas, Sergio"]
[Result "1/2-1/2"]
[WhiteElo "2510"]
[BlackElo "2425"]
[PlyCount "39"]
[EventDate "1998.10.24"]

1. e4 c5 2. Nf3 Nc6 3. c3 Nf6 4. e5 Nd5 5. d4 cxd4 6. cxd4 d6 7. Bc4 Nb6 8. Bb5
dxe5 9. Nxe5 Bd7 10. Nxd7 Qxd7 11. Nc3 Rd8 12. O-O a6 13. Bxc6 Qxc6 14. Re1 Nd5
15. Qb3 e6 16. Bg5 Be7 17. Bxe7 Nxe7 18. Qb4 Nd5 19. Nxd5 Qxd5 20. Rac1 1/2-1/2

[Event "XX Festival A"]
[Site "Arco ITA"]
[Date "1998.10.??"]
[Round "6"]
[White "Kloster, Josef"]
[Black "Dalponte, Dino"]
[Result "1/2-1/2"]
[WhiteElo "2165"]
[BlackElo "2180"]
[PlyCount "27"]
[EventDate "1998.10.24"]

1. e4 e6 2. d4 d5 3. exd5 exd5 4. c4 c6 5. Nc3 Bb4 6. a3 Bxc3+ 7. bxc3 Be6 8.
cxd5 cxd5 9. Bd3 Qc7 10. Ne2 Nf6 11. Bf4 Qd7 12. f3 Nh5 13. O-O O-O 14. Qc2
1/2-1/2

[Event "XX Festival A"]
[Site "Arco ITA"]
[Date "1998.10.??"]
[Round "6"]
[White "Korte, Markus"]
[Black "Frank, Albert"]
[Result "1/2-1/2"]
[WhiteElo "2220"]
[BlackElo "2020"]
[PlyCount "107"]
[EventDate "1998.10.24"]

1. e4 b6 2. d4 e6 3. Bd3 Bb7 4. Nf3 d6 5. O-O Nd7 6. Re1 g6 7. Bg5 Qc8 8. Nbd2
Bg7 9. e5 dxe5 10. dxe5 h6 11. Bh4 Ne7 12. Ne4 g5 13. Bg3 Bxe4 14. Bxe4 Rb8 15.
Bd3 Nc5 16. Bb5+ c6 17. Bc4 Nf5 18. b4 Nd7 19. Qe2 Nxg3 20. hxg3 g4 21. Nd4
Nxe5 22. Ba6 Qd8 23. Rad1 Qg5 24. Nxc6 Nxc6 25. Bb5 O-O 26. Bxc6 Bc3 27. Rf1
Rbd8 28. Qc4 Bd2 29. Be4 a5 30. bxa5 Bxa5 31. Bd3 Qg7 32. Rb1 Rd4 33. Qc6 Rfd8
34. Rb5 R4d6 35. Qe4 Rd4 36. Qe3 R4d5 37. Rfb1 Qg5 38. Qe4 Qg7 39. a4 Kf8 40.
Be2 Rd4 41. Qe3 Rxa4 42. Rh5 Rad4 43. Bd3 R8d5 44. Rxd5 Rxd5 45. Be4 Rd8 46.
Qa3+ Kg8 47. Bd3 Qf6 48. Qa4 Qd4 49. Qc6 Rd6 50. Qe8+ Kg7 51. Rd1 Rd8 52. Qe7
Qf6 53. Qb7 Rd4 54. Qc7 1/2-1/2

[Event "XX Festival A"]
[Site "Arco ITA"]
[Date "1998.10.??"]
[Round "6"]
[White "Luciani, Carlo"]
[Black "Garbisu De Goni, Unai"]
[Result "0-1"]
[WhiteElo "2240"]
[BlackElo "2395"]
[PlyCount "94"]
[EventDate "1998.10.24"]

1. e4 e5 2. Nf3 Nc6 3. Bc4 Bc5 4. c3 Nf6 5. b4 Bb6 6. d3 d6 7. O-O O-O 8. Bg5
h6 9. Be3 Ne7 10. a4 c6 11. Bb3 Bc7 12. Nbd2 Ng4 13. Qe2 Kh8 14. d4 Nxe3 15.
fxe3 Ng6 16. Ne1 d5 17. Qh5 Qe7 18. Nd3 dxe4 19. Nc5 exd4 20. cxd4 Kh7 21. g4
Nh4 22. Rxf7 Rxf7 23. Qxf7 Qxf7 24. Bxf7 Bxg4 25. Ncxe4 Nf3+ 26. Nxf3 Bxf3 27.
Nd2 Bg4 28. Bc4 Re8 29. Bd3+ g6 30. Nf1 Kg7 31. b5 Re7 32. a5 cxb5 33. a6 bxa6
34. Rxa6 Bb6 35. Bxb5 Bh3 36. Kf2 Rf7+ 37. Ke1 Bg2 38. Be2 Bb7 39. Ra4 h5 40.
Ba6 Bc6 41. Ra2 Bd5 42. Rf2 Rc7 43. Bd3 Rc1+ 44. Ke2 a5 45. Kd2 Ra1 46. Bc2 a4
47. Kc3 Ba5+ 0-1

[Event "XX Festival A"]
[Site "Arco ITA"]
[Date "1998.10.??"]
[Round "6"]
[White "Mahn, Franko"]
[Black "Rahls, Peter"]
[Result "1/2-1/2"]
[WhiteElo "2205"]
[BlackElo "2205"]
[PlyCount "24"]
[EventDate "1998.10.24"]

1. d4 Nf6 2. c4 d6 3. Nc3 Nbd7 4. e4 e5 5. Nf3 c6 6. Be2 Be7 7. O-O O-O 8. d5
c5 9. Rb1 Ne8 10. a3 g6 11. Bh6 Ng7 12. Bxg7 Kxg7 1/2-1/2

[Event "XX Festival A"]
[Site "Arco ITA"]
[Date "1998.10.??"]
[Round "6"]
[White "Ortega, Lexy"]
[Black "Khenkin, Igor"]
[Result "1/2-1/2"]
[WhiteElo "2490"]
[BlackElo "2600"]
[PlyCount "32"]
[EventDate "1998.10.24"]

1. d4 d5 2. c4 c6 3. cxd5 cxd5 4. Nc3 e5 5. e3 e4 6. Qb3 Nf6 7. Nge2 Nc6 8. Nf4
Bb4 9. Bb5 O-O 10. Bd2 Ba5 11. Rc1 Ne7 12. Be2 g6 13. Nb5 Bxd2+ 14. Kxd2 Nc6
15. h4 h5 16. Qa3 Bg4 1/2-1/2

[Event "XX Festival A"]
[Site "Arco ITA"]
[Date "1998.10.??"]
[Round "6"]
[White "Pipitone, Antonio"]
[Black "Minerva, Enzo"]
[Result "1/2-1/2"]
[WhiteElo "2035"]
[BlackElo "2135"]
[PlyCount "26"]
[EventDate "1998.10.24"]

1. e4 d5 2. exd5 Nf6 3. Nf3 Nxd5 4. d4 Bg4 5. Be2 e6 6. O-O Bd6 7. c4 Nf4 8.
Bxf4 Bxf4 9. Nc3 c6 10. d5 O-O 11. h3 Bh5 12. dxe6 Qf6 13. exf7+ Qxf7 1/2-1/2

[Event "XX Festival A"]
[Site "Arco ITA"]
[Date "1998.10.??"]
[Round "6"]
[White "Prelati, Maurizio"]
[Black "Ptaschinski, Dirk"]
[Result "1/2-1/2"]
[WhiteElo "2140"]
[BlackElo "2205"]
[PlyCount "38"]
[EventDate "1998.10.24"]

1. e4 c5 2. d4 cxd4 3. c3 d5 4. exd5 Qxd5 5. cxd4 Nc6 6. Nf3 e5 7. Nc3 Bb4 8.
Bd2 Bxc3 9. Bxc3 e4 10. Ne5 Nxe5 11. dxe5 Ne7 12. Qe2 O-O 13. Rd1 Qc6 14. Rd6
Qa4 15. Qc4 Qxc4 16. Bxc4 Nf5 17. Rd1 Be6 18. Bxe6 fxe6 19. Ke2 Rf7 1/2-1/2

[Event "XX Festival A"]
[Site "Arco ITA"]
[Date "1998.10.??"]
[Round "6"]
[White "Ricci, Marco"]
[Black "Wagman, Stuart"]
[Result "1/2-1/2"]
[WhiteElo "2190"]
[BlackElo "2170"]
[PlyCount "52"]
[EventDate "1998.10.24"]

1. e4 e5 2. Nf3 Nc6 3. Bb5 Nf6 4. Nc3 Bb4 5. d3 d6 6. O-O O-O 7. Bg5 Bxc3 8.
bxc3 Bg4 9. h3 Bh5 10. g4 Bg6 11. Nh4 h6 12. Nxg6 fxg6 13. Bh4 g5 14. Bg3 Qe7
15. Bc4+ Kh8 16. Kg2 Na5 17. Bb3 Nxb3 18. axb3 Nd7 19. Rh1 Nc5 20. h4 Ne6 21.
hxg5 Qxg5 22. Rh5 Nf4+ 23. Bxf4 Qxf4 24. f3 a6 25. Rh3 Qe3 26. Qe1 Qxe1 1/2-1/2

[Event "XX Festival A"]
[Site "Arco ITA"]
[Date "1998.10.??"]
[Round "6"]
[White "Rossi, Carlo"]
[Black "Slobodjan, Roman"]
[Result "0-1"]
[WhiteElo "2355"]
[BlackElo "2575"]
[PlyCount "75"]
[EventDate "1998.10.24"]

1. e4 e5 2. Nf3 Nc6 3. Bc4 Be7 4. O-O Nf6 5. d3 O-O 6. c3 d6 7. Bb3 h6 8. Re1
Nh7 9. h3 Ng5 10. Nbd2 Kh8 11. d4 Bf6 12. dxe5 Nxe5 13. Nxe5 dxe5 14. Qh5 Kh7
15. Nf1 g6 16. Qe2 Ne6 17. Nh2 Qe7 18. Nf3 a6 19. Be3 Bd7 20. Rad1 Rad8 21. Bd5
c6 22. Bb3 Bc8 23. a4 b5 24. Bc2 Rxd1 25. Rxd1 Rd8 26. Ra1 Bg7 27. Kh2 Qc7 28.
Bb3 Nd4 29. Qd1 f5 30. Kg1 fxe4 31. cxd4 exf3 32. Qxf3 exd4 33. Bf4 Qd7 34. Re1
d3 35. Qg3 Qf5 36. Re7 d2 37. Rxg7+ Kxg7 38. Bxh6+ 0-1

[Event "XX Festival A"]
[Site "Arco ITA"]
[Date "1998.10.??"]
[Round "6"]
[White "Rotstein, Arkadij"]
[Black "Niedermayr, Horst"]
[Result "1-0"]
[WhiteElo "2515"]
[BlackElo "2225"]
[PlyCount "75"]
[EventDate "1998.10.24"]

1. c4 c5 2. Nf3 Nf6 3. d4 cxd4 4. Nxd4 Nc6 5. Nc3 g6 6. e4 Qa5 7. f3 Bg7 8. Be3
d6 9. Qd2 O-O 10. Be2 Nxd4 11. Bxd4 Be6 12. Rc1 Rfc8 13. b3 Nd7 14. Be3 a6 15.
Nd5 Qxd2+ 16. Kxd2 Bxd5 17. cxd5 Bb2 18. Rc4 Kg7 19. Rb1 Ba3 20. Bd4+ Kf8 21.
f4 a5 22. g4 Nc5 23. Ke3 Rc7 24. g5 Rac8 25. Bg4 e6 26. Bf6 exd5 27. exd5 Re8+
28. Kf3 b5 29. Rc2 Rb7 30. Rd1 Bb4 31. h4 Ra7 32. h5 a4 33. hxg6 fxg6 34. bxa4
Rxa4 35. Rh1 Ra3+ 36. Kg2 Ree3 37. Rxh7 Bc3 38. Be6 1-0

[Event "XX Festival A"]
[Site "Arco ITA"]
[Date "1998.10.??"]
[Round "6"]
[White "Schiappacasse, Marcello"]
[Black "Ricci, Alfredo"]
[Result "0-1"]
[WhiteElo "2095"]
[BlackElo "1962"]
[PlyCount "96"]
[EventDate "1998.10.24"]

1. e4 c5 2. Nf3 d6 3. Bb5+ Bd7 4. Bxd7+ Qxd7 5. O-O Nc6 6. c3 g6 7. d4 cxd4 8.
cxd4 Bg7 9. Nc3 Nf6 10. h3 O-O 11. Be3 Rfd8 12. Qe2 d5 13. e5 Ne4 14. Nd2 Nxc3
15. bxc3 Na5 16. Nb3 Nc4 17. Bf4 b6 18. Rfe1 e6 19. Bg5 Rdc8 20. a4 Bf8 21.
Rec1 Rab8 22. Bf6 Rb7 23. Qd3 Rbc7 24. h4 Be7 25. Bxe7 Qxe7 26. Qg3 Rc6 27. a5
Nxa5 28. Nxa5 bxa5 29. Rxa5 h5 30. Rca1 R8c7 31. R1a3 Rb6 32. Kh2 Kf8 33. Qg5
Qxg5 34. hxg5 Rbb7 35. Kg3 Ke8 36. Kf3 Kd8 37. Ke3 Kc8 38. Kd3 Kb8 39. Kd2 Rb2+
40. Ke3 Rc2 41. Rb5+ Rb7 42. Rxb7+ Kxb7 43. Rb3+ Ka8 44. g3 a6 45. f4 Ka7 46.
Ra3 Rb2 47. Kf3 Kb6 48. Ke3 a5 0-1

[Event "XX Festival A"]
[Site "Arco ITA"]
[Date "1998.10.??"]
[Round "6"]
[White "Schumacher, Helmut"]
[Black "Siegmund, Rainer"]
[Result "1/2-1/2"]
[WhiteElo "2185"]
[BlackElo "2130"]
[PlyCount "22"]
[EventDate "1998.10.24"]

1. Nf3 c5 2. g3 Nc6 3. Bg2 g6 4. O-O Bg7 5. d3 e5 6. e4 Nge7 7. Nc3 O-O 8. Be3
b6 9. Qd2 Re8 10. Nh4 Bb7 11. f4 Nd4 1/2-1/2

[Event "XX Festival A"]
[Site "Arco ITA"]
[Date "1998.10.??"]
[Round "6"]
[White "Tatai, Stefano"]
[Black "Lantini, Marco"]
[Result "1-0"]
[WhiteElo "2395"]
[BlackElo "2145"]
[PlyCount "61"]
[EventDate "1998.10.24"]

1. e4 e5 2. Nf3 Nf6 3. d3 Nc6 4. Be2 Be7 5. O-O O-O 6. c3 d6 7. b4 Bg4 8. h3
Bxf3 9. Bxf3 Qd7 10. a3 h6 11. d4 exd4 12. cxd4 a5 13. b5 Nd8 14. Nc3 c6 15. e5
Ne8 16. Bg4 Qc7 17. f4 f5 18. Be2 Kh8 19. Be3 Bh4 20. Rc1 Qe7 21. Rf3 g5 22.
fxg5 hxg5 23. exd6 Qxd6 24. d5 c5 25. Bd3 Ng7 26. Qc2 c4 27. Bxf5 Qxa3 28. Rcf1
Nf7 29. Bd4 Nh6 30. Be6 Rf4 31. Qg6 1-0